Normal view MARC view
  • Metro Safety Group

Entry Corporate Name

Number of records used in: 1

001 - CONTROL NUMBER

  • control field: 6117

003 - CONTROL NUMBER IDENTIFIER

  • control field: OSt

005 - DATE AND TIME OF LATEST TRANSACTION

  • control field: 20190806150249.0

008 - FIXED-LENGTH DATA ELEMENTS

  • fixed length control field: 121029n| acannaabn |n ana d

040 ## - CATALOGING SOURCE

  • Original cataloging agency: OSt
  • Transcribing agency: OSt

110 ## - HEADING--CORPORATE NAME

  • Corporate name or jurisdiction name as entry element: Metro Safety Group

670 ## - SOURCE DATA FOUND

  • Source citation: CPD Module 4, 2012